تبنى الافكار الجديدة في ظل العولمة : (Record no. 657)
[ view plain ]
| 000 -LEADER | |
|---|---|
| fixed length control field | 01069nam a2200241 a 4500 |
| 001 - CONTROL NUMBER | |
| control field | 657 |
| 005 - DATE AND TIME OF LATEST TRANSACTION | |
| control field | 20221127090009.0 |
| 008 - FIXED-LENGTH DATA ELEMENTS--GENERAL INFORMATION | |
| fixed length control field | 050920s lua 00000 ara d |
| 020 ## - INTERNATIONAL STANDARD BOOK NUMBER | |
| International Standard Book Number | 9773580032 : |
| Terms of availability | رس 60.00 |
| 035 ## - SYSTEM CONTROL NUMBER | |
| System control number | 670 |
| 082 04 - DEWEY DECIMAL CLASSIFICATION NUMBER | |
| Classification number | 658.409 |
| Item number | هـ 619 |
| 100 1# - MAIN ENTRY--PERSONAL NAME | |
| Personal name | هينك، وليام. |
| 245 10 - TITLE STATEMENT | |
| Title | تبنى الافكار الجديدة في ظل العولمة : |
| Remainder of title | 21 قاعدة ذهبية لرجل الاعمال الناجح / |
| Statement of responsibility, etc. | تاليف وليام هينك، جوناثان مارش ؛ ترجمة عبدالحكم احمد الخزامي. |
| 250 ## - EDITION STATEMENT | |
| Edition statement | ط. 1. |
| 260 ## - PUBLICATION, DISTRIBUTION, ETC. | |
| Place of publication, distribution, etc. | القاهرة : |
| Name of publisher, distributor, etc. | دار الفجر، |
| Date of publication, distribution, etc. | 2003. |
| 300 ## - PHYSICAL DESCRIPTION | |
| Extent | 223 ص. ؛ |
| Dimensions | 24 سم. |
| 500 ## - GENERAL NOTE | |
| General note | ترجمة لكتاب : The entrepreneur : twenty-one golden rules for global business manager / Wiliam E. Heinecke. |
| 650 #4 - SUBJECT ADDED ENTRY--TOPICAL TERM | |
| Topical term or geographic name entry element | القيادة الادارية. |
| 650 #4 - SUBJECT ADDED ENTRY--TOPICAL TERM | |
| Topical term or geographic name entry element | ادارة الاعمال. |
| 650 #4 - SUBJECT ADDED ENTRY--TOPICAL TERM | |
| Topical term or geographic name entry element | النجاح الاداري. |
| 700 1# - ADDED ENTRY--PERSONAL NAME | |
| Personal name | مارش، جوناثان، |
| Relator term | م. مشارك. |
| 700 1# - ADDED ENTRY--PERSONAL NAME | |
| Personal name | الخزامي، عبدالحكم احمد، |
| Relator term | مترجم |
| Withdrawn status | Lost status | Damaged status | Not for loan | Home library | Current library | Date acquired | Total Checkouts | Full call number | Barcode | Date last seen | Copy number | Price effective from | Koha item type |
|---|---|---|---|---|---|---|---|---|---|---|---|---|---|
| CENTRAL | CENTRAL | 11/27/2022 | 658.409 مDC 619 | 1000000004195 | 11/27/2022 | C1 | 11/27/2022 | Book |
